000 00332nam a22001337a 4500
008 170904b xxu||||| |||| 00| 0 eng d
020 _a9780838422762
041 _aeng
080 _a070
100 _a40
101 _aMED
245 _aSPEAKING EFFECTIVE STRATEGIES FOR ACADEMIC INTERACTION
_cKAYFETZ.J.L
942 _2udc
_cBK
999 _c25998
_d25998